Nechtění, Neptaní, Nezbytí /

Hlavní autor: Pellarová, Zenobie, 1927-
Další autoři: Kyselová, Michaela
Jazyk: Čeština
Vydáno: Tišnov : Sursum, c2001
Vydání: Vyd. 1.
Témata:
Fyzický popis: 132 s. : il. ; 21 cm
Knihy
Uloženo v:
LEADER 00935nam a2200289 a 4500
001 000570852
003 CZ BrMZK
005 20081215154947.0
007 ta
008 000115s2001 xr g f cze d
015 |a cnb000889911 
020 |a 80-85799-95-2 
035 |a (OCoLC)51187261 
040 |a BOA001  |b cze 
072 7 |a 821.162.3-3  |x Česká próza  |2 Konspekt  |9 25 
080 |a 821.162.3-3  |2 MRF 
080 |a (0:82-3)  |2 MRF 
100 1 |a Pellarová, Zenobie,  |d 1927-  |7 jo20010087078  |4 aut 
245 1 0 |a Nechtění, Neptaní, Nezbytí /  |c Zenobie Pellarová ; [ilustrace Michaela Kyselová] 
250 |a Vyd. 1. 
260 |a Tišnov :  |b Sursum,  |c c2001 
300 |a 132 s. :  |b il. ;  |c 21 cm 
655 7 |a české prózy  |7 fd133972  |2 czenas 
700 1 |a Kyselová, Michaela  |4 ill 
910 |a BOA001  |b 2-1090.712 
990 |a BK 
996 6 |b 2610143201  |c 2-1090.712  |l MZK  |r Sklad / do 1 hodiny  |n 3  |p p.v.  |w 000570852  |u 000010  |a 1  |e BOA001  |j MZK50  |s P